02687namaa2200421uu 4500001001000000003000600010005001700016006001900033007001500052008004100067020001800108020001800126020001800144020001800162024003100180040001700211041000800228042000700236720002300243245005100266260002700317300002200344336002600366337002600392338003600418506005100454520125400505540006301759546001201822653002901834653016501863720002302028720002402051720002402075720002502099720002502124856011602149doab99905oapen20260305123951.0m o d cr|mn|---annan230503s2022 xx |||||o ||| 0|eng d a9780367362447 a9780429344824 a9780429344824 a97810321621957 a10.4324/97804293448242doi aoapencoapen0 aeng adc1 aGard, Michael4edt00aRoutledge Handbook of Critical Obesity Studies bTaylor & Francisc2022 a1 online resource atextbtxt2rdacontent acomputerbc2rdamedia aonline resourcebcr2rdacarrier0 aFree-to-readfUnrestricted online access2star aThe Routledge Handbook of Critical Obesity Studies is an authoritative and challenging guide to the breadth and depth of critical thinking and theory on obesity. Rather than focusing on obesity as a public health crisis to be solved, this reference work offers divergent and radical strategies alongside biomedical and positivist discourses.Comprised of thirty nine original chapters from internationally recognised academics, as well as emerging scholars, the Handbook engages students, academics, researchers and practitioners in contemporary critical scholarship on obesity; encourages engagement of social science and related disciplines in critical thinking and theorising on obesity; enhances critical theoretical and methodological work in the area, highlighting potential gaps as well as strengths; relates critical scholarship to new and evolving areas of obesity-related practices, policies and research. This multidisciplinary and international collection is designed for a broad audience of academics, researchers, students and practitioners within the social and health sciences, including sociology, obesity science, public health, medicine, sports studies, fat studies, psychology, nutrition science, education and disability studies. aAll rights reserveduhttp://oapen.org/content/about-rights aEnglish aCritical Obesity Studies athema EDItEUR::J Society and Social Sciences::JB Society and culture: general::JBF Social and ethical issues::JBFN Health, illness and addiction: social aspects1 aGard, Michael4oth1 aPowell, Darren4edt1 aPowell, Darren4oth1 aTenorio, José4edt1 aTenorio, José4oth40uhttps://directory.doabooks.org/handle/20.500.12854/9990570zFree-to-read: DOAB: description of the publication